000 00669nam a22002177a 4500
999 _c19229
_d19229
003 AR-CdUCM
008 190516b ||||| |||| 00| 0 spa d
040 _aMUNICIPALIDAD PROVINCIAL DEL CUSCO
_cBIBLIOTECA MUNICIPAL DEL CUSCO
082 _a868.6 /
_bL45
100 _aLeón, Ricardo
_911095
245 _aLos trabajadores de la muerte :
_bnovela /
260 _aSantiago de Chile :
_bEdiciones Ercilla,
_c1936.
300 _a242 páginas ;
_c19 cm.
440 _aColección Grandes Obras.
_940448
505 _aContenido: Novela.
650 _aNovela
_95
650 _aLiteratura
_983
650 _aSiglo XX
_98
942 _2ddc
_cLIBROS
945 _aachl
_d2019-05-16